Normal view
MARC view
Entry Personal Name
001 - CONTROL NUMBER
- control field: 62101
003 - CONTROL NUMBER IDENTIFIER
- control field: MY-SjTCS
005 - DATE AND TIME OF LATEST TRANSACTION
- control field: 20191205134736.0
008 - FIXED-LENGTH DATA ELEMENTS
- fixed length control field: 121227nn a|a||abb| a a|a d
039 #9 -
- : 201212271833
- : shuhada
040 ## - CATALOGING SOURCE
- Original cataloging agency: VRT
- Transcribing agency: VRT
100 1# - HEADING--PERSONAL NAME
- Personal name: Proust, Marcel,
- Dates associated with a name: 1871-1922.
400 1# - SEE FROM TRACING--PERSONAL NAME
- Personal name: Prust, Marselʹ,
- Dates associated with a name: 1871-1922
400 1# - SEE FROM TRACING--PERSONAL NAME
- Personal name: Proust, Valentin Louis Georges Eugène Marcel,
- Dates associated with a name: 1871-1922
400 1# - SEE FROM TRACING--PERSONAL NAME
- Personal name: Pʻŭrusŭtʻŭ, Marŭsel,
- Dates associated with a name: 1871-1922
400 0# - SEE FROM TRACING--PERSONAL NAME
- Personal name: Pʻu-lu-ssu-tʻe,
- Dates associated with a name: 1871-1922
670 ## - SOURCE DATA FOUND
- Source citation: Swann's way, 2004.:
- Information found: t.p. (Marcel Proust ; translated with an introduction and notes by Lydia Davis ; general editor, Christopher Prendergast.)
999 ## -
- : VIRTUA4 x
999 ## -
- : VTLSSORT0080*0400*1000*4000*4001*4002*4003*6700*9991